000 00656nam a2200241Ia 4500
005 20260430150136.0
008 008 250103s9999 xx 000 0 eng d
037 _aTheses
040 _aCRL
040 _beng
040 _ceng
041 _2eng
041 _aeng
084 _qCRL
100 _aSah Digvijay Au.; Mozumdar Subho Gu.
_91236580
245 0 _aSynthesis and Characterization of Solid Supported Nanostructured Materials for Catalysis
260 _c2021
300 _a205p.
650 _aChemistry
700 _aUniversity of Delhi. Faculty of Science. Deptt. of Chemistry
_91236464
942 _cTH
999 _c1849051
_d1849051